Lending resumption after default lessons from capital markets during the 19th century /

Bibliographic Details
Main Author: Sole, Juan.
Corporate Author: ProQuest (Firm)
Format: Electronic eBook
Language:English
Published: [Washington, D.C.] : International Monetary Fund, c2006.
Series:IMF working paper ; WP/06/176.
Subjects:
Online Access:Click to View
LEADER 01275nam a2200337Ia 4500
001 EBC3014373
003 MiAaPQ
005 20200520144314.0
006 m o d |
007 cr cn|||||||||
008 060531s2006 dcu sb i000 0 eng d
035 |a (MiAaPQ)EBC3014373 
035 |a (Au-PeEL)EBL3014373 
035 |a (CaPaEBR)ebr10380741 
035 |a (OCoLC)712989257 
040 |a MiAaPQ  |c MiAaPQ  |d MiAaPQ 
050 4 |a HJ8015  |b .S65 2006 
100 1 |a Sole, Juan. 
245 1 0 |a Lending resumption after default  |h [electronic resource] :  |b lessons from capital markets during the 19th century /  |c prepared by Juan Sole. 
260 |a [Washington, D.C.] :  |b International Monetary Fund,  |c c2006. 
300 |a 26 p. 
490 1 |a IMF working paper ;  |v WP/06/176 
500 |a "July 2006". 
504 |a Includes bibliographical references. 
533 |a Electronic reproduction. Ann Arbor, MI : ProQuest, 2015. Available via World Wide Web. Access may be limited to ProQuest affiliated libraries. 
650 0 |a Debts, Public. 
650 0 |a Default (Finance) 
655 4 |a Electronic books. 
710 2 |a ProQuest (Firm) 
830 0 |a IMF working paper ;  |v WP/06/176. 
856 4 0 |u https://ebookcentral.proquest.com/lib/matrademy/detail.action?docID=3014373  |z Click to View